00575nam a22001697a 450000500170000001000150001702000110003203500140004303700130005708200140007010000270008424501040011126000270021527001120024230000210035470000300037520240809131101.0 aENG-138032 c300.00 aEN-121564 bDBAD/PUB a365.70954 aSharma, Surinder Mohan aPrison Management:cBy Surinder Mohan Sharma [and] Harkanwal KaurbDynamics Dimensions & Direction/ aPunjabbBuniyad c2023 a14 shashtri nagar near bhabha school street no. 1 Majitha road Gopal Nagar Amritsar -143001bPunjabe143001 a307p.c22cm(pbk) aHarkanwal KaureCo author